Daddy long legs / (Record no. 17791)

MARC details
000 -LEADER
fixed length control field 00598 am a22001934a 4500
008 - FIXED-LENGTH DATA ELEMENTS--GENERAL INFORMATION
fixed length control field 131030t2011 ii gr 000 f eng d
020 ## - INTERNATIONAL STANDARD BOOK NUMBER
International Standard Book Number 9789380848143
082 04 - DEWEY DECIMAL CLASSIFICATION NUMBER
Classification number 823
Edition number 21
Item number WEB
100 1# - MAIN ENTRY--PERSONAL NAME
Personal name Webster, Jean,
9 (RLIN) 34551
Dates associated with a name 1876-1916
245 10 - TITLE STATEMENT
Title Daddy long legs /
Statement of responsibility, etc Jean Webster.
260 ## - PUBLICATION, DISTRIBUTION, ETC. (IMPRINT)
Place of publication, distribution, etc New Delhi :
Name of publisher, distributor, etc Blueberry Book,
Date of publication, distribution, etc c.2011
300 ## - PHYSICAL DESCRIPTION
Extent 153 p. ;
Dimensions 20 cm.
500 ## - GENERAL NOTE
General note Complete and Unabridged-Cover.
590 ## - LOCAL NOTE (RLIN)
Local note Book for the road program.
650 #0 - SUBJECT ADDED ENTRY--TOPICAL TERM
Topical term or geographic name as entry element English fiction
9 (RLIN) 9886
Chronological subdivision 20th century
653 ## - INDEX TERM--UNCONTROLLED
Resource For college
Arrived date list December2013
655 ## - INDEX TERM--GENRE/FORM
Form subdivision
-- 34232
942 ## - ADDED ENTRY ELEMENTS (KOHA)
Source of classification or shelving scheme Dewey Decimal Classification
Item type Book - Borrowing
Call number prefix 823 WEB
Holdings
Withdrawn status Item status Source of classification or shelving scheme Damaged status Not for loan Vendor Home library Current library Shelving location Date acquired Source of acquisition Cost, normal purchase price Total Checkouts Total Renewals Full call number Barcode Date last seen Date last borrowed Cost, replacement price Koha item type
    Dewey Decimal Classification     سور الازبكية Central Library Central Library Second Floor 08/12/2013   25.00 1 2 823 WEB 000035121 15/07/2025 02/10/2014 31.25 Book - Borrowing